000 01261nam a22002417a 4500
003 OSt
005 20241122152802.0
008 240923s2012 sp a gr 000 1 spa d
020 _a978-84-9794-132-7
040 _bspa
_cumch
_dumch
_erad
082 _a291.13/M97
100 _aMurray, Alexander S.,
_d 1841-1904
245 _aQuién es quien en la mitología/
_cAlexander S. Murray; traducción Cristina María Borrego.
260 _aMadrid :
_bEdimat Libros,
_c2012
300 _a300 p. :
_bil. ;
_c23 cm.
490 _a Mitos y leyendas
500 _aTítulo original: Who's who in Mythology.
505 0 _gCapítulo I:
_tLa creación del mundo--
_gCapítulo II:
_tLa creación del hombre--
_gCapítulo III:
_tLa raza de héroes más jóvenes y las guerras contra Tebas y Troya--
_gCapítulo IV:
_tLa mitología eswcandinava y la antigua mitología--
_gCapítulo V:
_tLa mitología y la religión de los hindúes--
_gCapítulo VI:
_tLa mitología y la religión de los Egipto.
520 _a Muestra las historias y hazañas de los dioses de la mitología griega y romana. También hace referencia a la mitología escandinava, la germana, la hindú y la egipcia.
650 _a Mitología griega
700 1 _a Borrego, Cristina María,
_etraductora
942 _2ddc
_cLIB
_n0
999 _c53448
_d53448